Car Brand By Logos - Statistics

General Stats
  • This quiz has been taken 513 times
  • The average score is 35 of 40
Answer Stats
Picture Hint Answer % Correct
Honda
99%
Ford
98%
BMW
97%
Tesla
97%
Toyota
97%
Audi
96%
Jaguar
96%
Ferrari
95%
Hyundai
95%
Mercedes
95%
Chevrolet
94%
Lexus
94%
Ben_ _ _ Bently
93%
Mazda
93%
Nissan
93%
Porsche
93%
_ _zuki Suzuki
93%
Volkswagen
93%
Lamb or geunie Lamborghini
91%
Mitsubishi
90%
Subaru
89%
Not Ram Dodge
86%
Second word: Romeo Alfa Romeo
85%
Citr_ _ _ Citroen
84%
_ _oda Skoda
84%
Evolve Volvo
84%
Fiat
83%
Cadillac
81%
Corvette
80%
Infiniti
80%
Peugus Peugeot
80%
Master Ali Maserati
79%
Mustang
77%
Sit Seat
77%
A_u_a Acura
73%
President Lincoln
73%
O_e_ Opel
73%
Mini Cooper
72%
Buick
69%
S_i_n Scion
58%
No matching quizzes found
Score Distribution
Percent of People with Each Score
Percentile by Number Answered
Your Score History
You have not taken this quiz